A preliminary report of the permanent manurial experiment on rubber (Record no. 53509)

MARC details
000 -LEADER
fixed length control field 00352nam a2200133Ia 4500
100 ## - MAIN ENTRY--AUTHOR NAME
Personal name George C M
245 #2 - TITLE STATEMENT
Title A preliminary report of the permanent manurial experiment on rubber
260 ## - PUBLICATION, DISTRIBUTION, ETC. (IMPRINT)
Name of publisher Rubber Board Bulletin
Year of publication 1963
300 ## - PHYSICAL DESCRIPTION
Number of Pages 37-40
650 ## - SUBJECT ADDED ENTRY--TOPICAL TERM
Topical Term Manuring
650 ## - SUBJECT ADDED ENTRY--TOPICAL TERM
Topical Term Rubber
942 ## - ADDED ENTRY ELEMENTS (KOHA)
Koha item type Journals
Holdings
Withdrawn status Lost status Damaged status Not for loan Home library Current library Shelving location Date acquired Serial Enumeration / chronology Koha item type
      Journals RRII Library RRII Library Soils and agonomy 17/12/2021 Volume 7, Issue 1 Journals